000 00995cad a22002295a 4500
001 E147637
008 090601s2009 xxkad f s 000 0 eng d
035 _a(Sirsi) u147637
041 0 _aeng
050 0 4 _a333.33 $2 18
110 2 _aInvestment Property Databank
_92288
245 0 0 _aIPD Central and Eastern European property index
_bend December 2008
_h[electronic resource]
260 _aLondon
_bIPD
_c2009
490 0 _aIPD UK Annual Property Index
_vDecember 2008
520 _aThe All Property Total Return Index stands at 0.5, with Capital Growth at -5.4. The Index examines the performance of commercial property holdings in Hungary, Poland, the Czech Republic, Bulgaria, Romania and Slovakia.
590 _aKA
650 2 4 _aIPD CENTRAL AND EASTERN EUROPEAN PROPERTY INDEX
651 4 _aEurope
690 _aPROPERTY-COMMERCIAL PROPERTY-COMMERCIAL PROPERTY MARKET
856 4 0 _uhttps://www.ipd.com/
_zView this report free of charge under indices at www.ipd.com...
942 _n0
999 _c109667
_d109667